000
00158nam a22000857a 4500
082
_a
823
100
_a
UNKNOWN
245
_a
THE EMPEROR'S NEW CLOTHES
942
_c
BK
999
_c
8231
_d
8231